| 000 | 00430nam a22001457a 4500 | ||
|---|---|---|---|
| 082 |
_a813 _bHAW _cL-29, P-21 |
||
| 100 |
_aHawthrone, Nathaniel _945777 |
||
| 245 |
_aThe house of the seven gables _cHawthrone, Nathaniel |
||
| 260 |
_aUSA _bCollier books _c1962 |
||
| 300 |
_a288 p. _bill. _c19 cm |
||
| 526 |
_a0 _b0 _c0 _d813_000000000000000_HAW |
||
| 526 |
_a0 _b0 _c0 _d813_000000000000000_HAW |
||
| 650 |
_aMCE _9379 |
||
| 942 |
_2ddc _cBK |
||
| 999 |
_c549231 _d549231 |
||